000 01165nam0a22003491 4500
001 rc\2273017
005 20110829191124.4
035 _a(NLR Aleph) 006553671
090 _a6767916
_c6767916
100 _a20110829d1979 |||y0rusy50 ca
101 1 _arus
_cger
102 _aRU
105 _aa z |||||
200 1 _aПространственный слух
_fПер. с нем. И.Д. Гурвица
210 _aМосква
_cЭнергия
_d1979
215 _a222 с.
_cил.
_d21
311 _aПеревод изд.: Räumliches Hören / Von Iens Blauert (Stuttgart, 1974)
320 _aБиблиогр.: с. 195-219
454 0 _12001#$aRäumliches Hören$fVon Iens Blauert
_1210##$aStuttgart$d1974
_1700#1$aBlauert$bI.$gIens
606 _aЭлектроакустика
_2psbo
686 _aЕ992.5-73,0
_2rubbk
686 _a32.87
_2rubbk
686 _aз872.1
_2rubbk
700 1 _aБлауэрт
_bЙ.
_gЙенс
702 1 _aГурвиц
_bИ. Д.
_4730
801 0 _aRU
_bNLR
_gpsbo
801 1 _aRU
_bELAR
_2rusmarc
852 _aNLR
_j79-5/5338
899 _aRuMoRGB
_jБ 79-24/13
899 _aRuMoRGB
_jБ 79-24/14
942 _cBOOK
980 _aNB